000 00678nam a2200145Ia 4500
008 100122s9999 xx 000 0 und d
082 _b24410
_a781.24
100 _aभातखंडे विष्णु ना
245 _aहिंदुस्थानी संगीत पध्दती भाग-6 (क.क्र.28/2 )
260 _bभालचंद्र सी सुखथनकर
_c1937
300 _a485
630 _aहिंदुस्थानी संगीत पध्दती भाग-6 (क.क्र.28/2 )
730 _aहिंदुस्थानी संगीत पध्दती भाग-6 (क.क्र.28/2 )
942 _cBOOK
999 _c411708
_d411705